| 000 | 01286namaa22003251i 4500 | ||
|---|---|---|---|
| 005 | 20260701095236.0 | ||
| 008 | 260701s1994 ua a|||frm||| 000 0 eng d | ||
| 040 |
_aEG-GICUC _beng _cEG-GICUC _dEG-GICUC _erda |
||
| 041 | 0 |
_aeng _beng _bara |
|
| 049 | _aDeposite | ||
| 097 | _aM.Sc | ||
| 099 | _aCai01.11.01.M.Sc.1994.El.P. | ||
| 100 | 0 |
_aElham Rousshdy Soliman, _epreparation. |
|
| 245 | 1 | 0 |
_aPlatelet Disorders And Anaesthia / _cBy Elham Rousshdy Soliman; Supervised By Prof.Dr. Safwat H. Lotfy, Dr. Mohamed Hani Kamal, Dr. Ahmed Helmi. |
| 246 | 1 | 5 | _aالتخدير واضطرابات الصفائح الدموية / |
| 264 | 0 | _c1994. | |
| 300 |
_a129 pages : _billustrations ; _c30 cm. + |
||
| 336 |
_2rda content _atext |
||
| 337 |
_2rdamedia _aUnmediated |
||
| 338 |
_2rdacarrier _avolume |
||
| 502 | _aThesis (M.Sc.)-Cairo University, 1994. | ||
| 504 | _aBibliography: pages 106-129. | ||
| 653 | 0 | _aAnaesthesiology | |
| 700 | 0 |
_aSafwat H. Lotfy _ethesis advisor. |
|
| 700 | 0 |
_aMohamed Hani Kamal _ethesis advisor. |
|
| 700 | 0 |
_aAhmed Helmi _ethesis advisor. |
|
| 900 |
_DDepartment of Anaesthesiology _FFaculty of Medicine _UCairo University _b1994 _cSafwat H. Lotfy _cMohamed Hani Kamal _cAhmed Helmi |
||
| 905 | _aEman El gebaly | ||
| 942 |
_2ddc _cTH _e21 _n0 |
||
| 999 | _c180662 | ||